| 000 | 00502nam a2200145 i 4500 | ||
|---|---|---|---|
| 001 | 46778 | ||
| 003 | ES-MaACL | ||
| 005 | 20230906161439.0 | ||
| 007 | t| | ||
| 008 | 030401s1948 sp ||||1| spa d | ||
| 245 | 0 | 0 |
_aConmemoración del VII Centenario de la Conquista de Sevilla y de la fundación de la Marina Castellana _b: 1248-1948. |
| 260 |
_a[S.l. : _bs.n., _c1948] ( _eVitoria : _fTall. de Hijos de Heraclio Fournier) |
||
| 300 |
_a32 p., 1 lám. : _bil. |
||
| 852 |
_aES-MaACL _j1623-F-2 _bR.25853 |
||
| 999 |
_c46778 _d46778 |
||